YA Book Quiz 2 - Statistics

General Stats
  • This quiz has been taken 92 times
  • The average score is 7 of 15
Answer Stats
Hint Answer % Correct
Maze Runner 1 The Maze Runner
92%
Maze Runner 3 The Death Cure
71%
Maze Runner 2 The Scorch Trials
69%
Throne of Glass 1 Throne of Glass
69%
Throne of Glass 3 Heir of Fire
51%
Throne of Glass 2 Crown of Midnight
50%
Throne of Glass 4 Queen of Shadows
50%
Maze Runner Prequel The Kill Order
42%
Harry Potter 2 The Chamber of Secrets
32%
Harry Potter 6 The Half Blood Prince
32%
Harry Potter 7 The Deathly Hallows
31%
Harry Potter 4 The Goblet of Fire
31%
Harry Potter 1 The Philosopher's Stone
29%
Harry Potter 5 The Order of the Phoenix
28%
Harry Potter 3 The Prisoner of Azkaban
27%
No matching quizzes found
Score Distribution
Percent of People with Each Score
Percentile by Number Answered
Your Score History
You have not taken this quiz